Statistiques concernant Grecs célèbres par images

Cliquez ici pour prendre le quiz!

Statistiques générales

  • Ce quiz a été pris 76 fois
  • Le résultat moyen est 7 sur 16

Statistiques - réponses

Réponse% Correct
Socrate
84%
Platon
83%
Aristote
76%
Stefanos Tsitsipas
69%
Périclès
50%
Nana Mouskouri
49%
Alexandre le Grand
47%
Giánnis Antetokoúnmpo
41%
Kostas Manolas
33%
Pythagore
30%
Hippocrate
27%
Léonidas Ier de Sparte
23%
Sophocle
17%
Alexis Tsipras
16%
Sophie de Grèce
9%
Constantin II
3%

Distribution des résultats

Percentile par nombre de réponses

% des personnes avec chaque résultat

Votre développement - résultats

Vous n’avez pas pris ce quiz